| 000 | 00508nam a22001817a 4500 | ||
|---|---|---|---|
| 005 | 20251127131415.0 | ||
| 008 | 251124b |||||||| |||| 00| 0 eng d | ||
| 020 | _a978-93-91208-14-1 | ||
| 041 | _aeng | ||
| 082 | _a615.7 MEH-M | ||
| 100 |
_aMEHTA, DR. MAULIN _98785 |
||
| 245 | _aMCQS IN PHARMACOLOGY FOR UNDERGRADUATE & POST-GRADUATE STUDENTS | ||
| 250 | _a1ST ED. 2022 | ||
| 260 |
_aNEW DELHI _bINNOVATIVE PUBLICATION PVT LTD _c2024 |
||
| 300 | _a229;P | ||
| 650 |
_aPHARMACY _xB.PHARMA |
||
| 942 | _cBK | ||
| 999 |
_c8962 _d8960 |
||